Statistics for Guess the 1970s song lyrics #308

Click here to take the quiz!

General Stats

  • This quiz has been taken 10 times
  • The average score is 126 of 206

Answer Stats

Answer% Correct
I
100%
it
80%
my
80%
the
80%
down
70%
Down
70%
feel
70%
feet
70%
me
70%
to
70%
you
70%
And
60%
and
60%
Earth
60%
move
60%
sky
60%
Tumbling
60%
tumbling
60%
under
60%
When
60%
when
60%
your
60%
you're
60%
All
50%
all
50%
are
50%
around
50%
as
50%
at
50%
baby
50%
get
50%
have
50%
heart
50%
know
50%
look
50%
Oh
50%
soul
50%
that
50%
very
50%
way
50%
Whenever
50%
darling
40%
face
40%
got
40%
Hey
40%
just
40%
of
40%
over
40%
see
40%
something
40%
can't
30%
emotions
30%
near
30%
Ooh
30%
stand
30%
start
30%
trembling
30%
Uh
30%
uh
30%
yeah
30%
call
20%
cold
20%
May
20%
Mellow
20%
month
20%
name
20%
tame
20%
tenderly
20%
control
10%
hot
10%
lose
10%

Score Distribution

Percentile by Number Answered

Percent of People with Each Score

Your Score History

You have not taken this quiz